Property Factors (Scotland) Bill (Record no. 110838)
[ view plain ]
| 000 -LEADER | |
|---|---|
| fixed length control field | 01118cad a22002175a 4500 |
| 001 - CONTROL NUMBER | |
| control field | E150345 |
| 008 - FIXED-LENGTH DATA ELEMENTS--GENERAL INFORMATION | |
| fixed length control field | 100702e20100629xxkb f s000 0 eng d |
| 035 ## - SYSTEM CONTROL NUMBER | |
| System control number | (Sirsi) u150345 |
| 041 0# - LANGUAGE CODE | |
| Language code of text/sound track or separate title | eng |
| 100 1# - MAIN ENTRY--PERSONAL NAME | |
| Personal name | Hough, Richard |
| 245 04 - TITLE STATEMENT | |
| Title | Property Factors (Scotland) Bill |
| Medium | [electronic resource] |
| 260 ## - PUBLICATION, DISTRIBUTION, ETC. | |
| Place of publication, distribution, etc. | Edinburgh |
| Name of publisher, distributor, etc. | Scottish Parliament |
| Date of publication, distribution, etc. | 2010 |
| 490 #0 - SERIES STATEMENT | |
| Series statement | SPICe Briefing |
| Volume/sequential designation | (10/42) 29 June 2010 |
| 520 ## - SUMMARY, ETC. | |
| Summary, etc. | Gives background to the Bill, including examining the current property services market and land maintenance market in Scotland. Looks at existing procedures for dealing with disputes with property factors, and also considers issues such as the provision of pre-purchase information and the ability of residents to switch service provider. Also discusses ways in which other jurisdictions have dealt with this issue. |
| 521 ## - TARGET AUDIENCE NOTE | |
| Target audience note | Advanced |
| 590 ## - LOCAL NOTE (RLIN) | |
| Local note | KA |
| 651 #4 - SUBJECT ADDED ENTRY--GEOGRAPHIC NAME | |
| Geographic name | Scotland |
| Chronological subdivision | 1999- |
| 690 ## - LOCAL SUBJECT ADDED ENTRY--TOPICAL TERM (OCLC, RLIN) | |
| Topical term or geographic name as entry element | Landlord and tenant |
| 9 (RLIN) | 6252 |
| 856 40 - ELECTRONIC LOCATION AND ACCESS | |
| Uniform Resource Identifier | <a href="https://www.scottish.parliament.uk/business/research/briefings-10/SB10-42.pdf">https://www.scottish.parliament.uk/business/research/briefings-10/SB10-42.pdf</a> |
| Public note | View the briefing free of charge at www.scottish.parliament.uk |
| 942 ## - ADDED ENTRY ELEMENTS (KOHA) | |
| Suppress in OPAC | 0 |
| Withdrawn status | Lost status | Source of classification or shelving scheme | Damaged status | Not for loan | Home library | Current library | Shelving location | Date acquired | Total Checkouts | Full call number | Barcode | Date last seen | Copy number | Price effective from | Koha item type |
|---|---|---|---|---|---|---|---|---|---|---|---|---|---|---|---|
| Dewey Decimal Classification | Virtual | Virtual | Online | 02/07/2010 | ONLINE PUBLICATION | 150345-2001 | 06/08/2019 | 1 | 06/08/2019 | Book |